Countries which have operated submarines, past and present - Statistics

General Stats
  • This quiz has been taken 957 times
  • The average score is 47 of 57
Answer Stats
Status Country % Correct
Operational United Kingdom
99%
Operational United States
98%
Operational Brazil
96%
Operational Japan
96%
Operational Canada
95%
Operational France
95%
Operational Russia
95%
Operational Australia
94%
Operational China
94%
Operational India
94%
Operational Italy
94%
Operational Spain
94%
Operational Sweden
94%
Non-operational Argentina
93%
Operational Germany
93%
Operational Norway
93%
Decomissioned Finland
92%
Operational South Africa
92%
Operational South Korea
92%
Operational Egypt
91%
Operational Indonesia
91%
Operational North Korea
90%
Operational Chile
89%
Operational Iran
89%
Operational Portugal
89%
Operational Turkey
88%
Retired Denmark
87%
Operational Greece
87%
Operational Pakistan
87%
Operational Colombia
86%
Operational Vietnam
86%
Operational Netherlands
85%
Operational Algeria
83%
Operational Israel
83%
Operational Poland
83%
Retired Thailand
83%
Seized during war Ukraine
81%
Operational Peru
80%
Operational Venezuela
80%
Operational Malaysia
79%
Operational Taiwan
79%
Operational Cuba
77%
Country dissolved Soviet Union
75%
Decomissioned Estonia
71%
Seized during war Latvia
70%
Retired Libya
70%
Non-operational Romania
69%
Retired Albania
68%
Operational Myanmar
66%
Operational Bangladesh
65%
Retired Bulgaria
65%
Operational Ecuador
64%
Operational Singapore
64%
Retired Syria
59%
Country dissolved Austria-Hungary
58%
Decomissioned* Serbia and Montenegro
46%
Operational Azerbaijan
41%
No matching quizzes found
Score Distribution
Percent of People with Each Score
Percentile by Number Answered
Your Score History
You have not taken this quiz